消滅した町村は現在どこの市町村?(北海道・東北地方篇) - Statistics

General Stats
  • This quiz has been taken 17 times
  • The average score is 65 of 90
Answer Stats
消滅した市町村名 現在の市町村名 % Correct
水沢市、江刺市、前沢町、胆沢町、衣川村 奥州市
94%
古川市、松山町、三本木町、鹿島台町、岩出山町、鳴子町、田尻町 大崎市
94%
本荘市、矢島町、岩城町、由利町、西目町、鳥海町、東由利町、大内町 由利本荘市
94%
大迫町、石鳥谷町、東和町 花巻市
88%
築館町、若柳町、栗駒町、高清水町、一迫町、瀬峰町、鴬沢町、金成町、志波姫町、花山村 栗原市
88%
虻田町、洞爺村 洞爺湖町
88%
角館町、田沢湖町、西木村 仙北市
88%
仁賀保町、金浦町、象潟町 にかほ市
88%
十和田湖町 十和田市
88%
大曲市、神岡町、西仙北町、中仙町、協和町、南外村、仙北町、太田町 大仙市
82%
伊達町、梁川町、保原町、霊山町、月舘町 伊達市
82%
原町市、鹿島町、小高町 南相馬市
82%
立川町、余目町 庄内町
82%
鷹巣町、森吉町、阿仁町、合川町 北秋田市
82%
花泉町、大東町、千厩町、東山町、室根村、川崎村、藤沢町 一関市
82%
八森町、峰浜村 八峰町
82%
迫町、登米町、東和町、中田町、豊里町、米山町、石越町、南方町、津山町 登米市
82%
鵡川町、穂別町 むかわ町
82%
会津高田町、会津本郷町、新鶴村 会津美里町
82%
大成町、瀬棚町、北檜山町 せたな町
76%
上湧別町 湧別町
76%
唐桑町、本吉町 気仙沼市
76%
端野町、留辺蘂町、常呂町 北見市
76%
厚田村、浜益村 石狩市
76%
種市町、大野村 洋野町
76%
静内町、三石町 新ひだか町
76%
藤島町、羽黒町、櫛引町、朝日村、温海町 鶴岡市
76%
志津川町、歌津町 南三陸町
76%
小牛田町、南郷町 美里町
76%
尾上町、平賀町、碇ヶ関村 平川市
76%
二ツ井町 能代市
76%
昭和町、飯田川町、天王町 潟上市
76%
増田町、平鹿町、雄物川町、大森町、十文字町、山内村、大雄村 横手市
76%
蟹田町、平舘村、三厩村 外ヶ浜町
76%
三陸町 大船渡市
76%
田老町、新里村、川井村 宮古市
76%
湯田町、沢内村 西和賀町
76%
女満別町、東藻琴村 大空町
76%
河北町、雄勝町、河南町、桃生町、北上町、牡鹿町 石巻市
76%
矢本町、鳴瀬町 東松島市
76%
上磯町、大野町 北斗市
76%
戸井町、恵山町、椴法華村、南茅部町 函館市
76%
門別町 日高町
71%
早来町、追分町 安平町
71%
田島町、舘岩村、伊南村、南郷村 南会津町
71%
比内町、田代町 大館市
71%
西根町、松尾村、安代町 八幡平市
71%
百石町、下田町 おいらせ町
71%
砂原町 森町
71%
岩木町、相馬村 弘前市
71%
滝根村、大越町、都路村、常葉町、船引町 田村市
71%
稲川町、雄勝町、皆瀬村 湯沢市
71%
琴丘町、山本町、八竜町 三種町
71%
金木町、市浦村 五所川原市
71%
北会津村、河東町 会津若松市
71%
安達町、岩代町、東和町 二本松市
71%
熱塩加納村、塩川町、山都町、高郷村 喜多方市
71%
木造町、森田村、柏村、稲垣村、車力村 つがる市
71%
浪岡町 青森市
71%
本宮町、白沢村 本宮市
71%
浄法寺町 二戸市
71%
阿寒町、音別町 釧路市
71%
飯野町 福島市
65%
北村、栗沢町 岩見沢市
65%
生田原町、丸瀬布町、白滝村 遠軽町
65%
河辺町、雄和町 秋田市
65%
名川町、福地村 南部町
65%
玉山村 盛岡市
65%
山形村 久慈市
65%
風連町 名寄市
65%
川内町、大畑町、脇野沢村 むつ市
65%
中里町、小泊村 中泊町
65%
忠類村 幕別町
65%
常盤村 藤崎町
65%
熊石町 八雲町
65%
長沼町、岩瀬村 須賀川市
59%
宮守村 遠野市
59%
歌登町 枝幸町
59%
表郷村、東村、大信村 白河市
59%
若美町 男鹿市
59%
倉石村 五戸町
59%
上北町 東北町
59%
八幡町、松山町、平田町 酒田市
53%
天間林村 七戸町
53%
中新田町、小野田町、宮崎町 加美町
53%
南郷村 八戸市
53%
大滝村 伊達市
53%
岩崎村 深浦町
53%
朝日町 士別市
53%
六郷町、千畑町、仙南村 美郷町
53%
No matching quizzes found
Score Distribution
Percent of People with Each Score
Percentile by Number Answered
Your Score History
You have not taken this quiz